Biggest South American cities on the Coast on a Map - Statistics

General Stats
  • This quiz has been taken 182 times
  • The average score is 14 of 20
Answers on the Map
Answers color-coded by a green-red scale on the quiz's map according to % correct below.
 
Answer Stats
Pop. City % Correct
15.2 mil Buenos Aires
99%
13.5 mil Rio de Janeiro
99%
10.7 mil Lima
97%
1.8 mil Montevideo
96%
4.1 mil Recife
86%
2.3 mil Belém
82%
4.1 mil Fortaleza
82%
3.8 mil Salvador
80%
2.3 mil Barranquilla
77%
2.3 mil Maracaibo
76%
1.1 mil Cartagena
68%
1.0 mil Valparaiso
68%
1.5 mil Natal
66%
1.6 mil São Luis
53%
1.2 mil Florianopolis
50%
1.9 mil Santos
49%
2.1 mil Vitoria
44%
1.4 mil João Pessoa
42%
1.3 mil Maceió
32%
1.0 mil Aracaju
25%
No matching quizzes found
Score Distribution
Percent of People with Each Score
Percentile by Number Answered
Your Score History
You have not taken this quiz